Statistiques concernant Sélectionnez toutes les langues qui...

Cliquez ici pour prendre le quiz!

Statistiques générales

  • Ce quiz a été pris 124 fois
  • Le résultat moyen est 59 sur 80

Statistiques - réponses

QuestionTuileSelect% Correct
ont plus de 100 millions de locuteurs NATIFSAnglaisOui
98%
ont plus de 100 millions de locuteurs NATIFSPolonaisNon
96%
ont plus de 100 millions de locuteurs NATIFSYorubaNon
94%
sont indo-européensCoréenNon
93%
ont plus de 100 millions de locuteurs NATIFSMandarinOui
93%
est une langue officielle parlée en afrique (compte au moins 1 million de locuteurs natifs)CoréenNon
92%
ont plus de 100 millions de locuteurs NATIFSEspagnolOui
92%
ne sont PAS considérés comme une langue romantiqueFrancaisNon
92%
ne sont PAS considérés comme une langue romantiqueItalienNon
92%
est une langue officielle parlée en afrique (compte au moins 1 million de locuteurs natifs)JaponaisNon
92%
sont indo-européensJaponaisNon
92%
est une langue officielle parlée en afrique (compte au moins 1 million de locuteurs natifs)MandarinNon
92%
ont plus de 1 milliard de haut-parleurs TOTALPolonaisNon
92%
est une langue officielle parlée en afrique (compte au moins 1 million de locuteurs natifs)RusseNon
92%
sont indo-européensYorubaNon
92%
ne sont PAS considérés comme une langue romantiqueEspagnolNon
91%
est une langue officielle parlée en afrique (compte au moins 1 million de locuteurs natifs)HindiNon
91%
ont plus de 1 milliard de haut-parleurs TOTALItalienNon
91%
ont plus de 100 millions de locuteurs NATIFSItalienNon
91%
sont indo-européensMandarinNon
91%
est une langue officielle parlée en afrique (compte au moins 1 million de locuteurs natifs)PolonaisNon
91%
ont plus de 1 milliard de haut-parleurs TOTALYorubaNon
91%
ont plus de 1 milliard de haut-parleurs TOTALAfrikaansNon
90%
ont plus de 1 milliard de haut-parleurs TOTALCoréenNon
90%
est une langue officielle parlée en afrique (compte au moins 1 million de locuteurs natifs)TurcNon
90%
ont plus de 1 milliard de haut-parleurs TOTALTurcNon
90%
ont plus de 100 millions de locuteurs NATIFSAfrikaansNon
89%
ont plus de 1 milliard de haut-parleurs TOTALBengaliNon
89%
ont plus de 1 milliard de haut-parleurs TOTALAllemandNon
87%
est une langue officielle parlée en afrique (compte au moins 1 million de locuteurs natifs)ItalienNon
87%
ont plus de 1 milliard de haut-parleurs TOTALPortugaisNon
86%
ont plus de 1 milliard de haut-parleurs TOTALJaponaisNon
85%
ne sont PAS considérés comme une langue romantiquePortugaisNon
81%
ont plus de 100 millions de locuteurs NATIFSRusseOui
81%
ont plus de 1 milliard de haut-parleurs TOTALMandarinOui
80%
est une langue officielle parlée en afrique (compte au moins 1 million de locuteurs natifs)AfrikaansOui
79%
ont plus de 1 milliard de haut-parleurs TOTALFrancaisNon
79%
ont plus de 1 milliard de haut-parleurs TOTALRusseNon
79%
est une langue officielle parlée en afrique (compte au moins 1 million de locuteurs natifs)AllemandNon
77%
ont plus de 1 milliard de haut-parleurs TOTALAnglaisOui
75%
est une langue officielle parlée en afrique (compte au moins 1 million de locuteurs natifs)AnglaisOui
75%
est une langue officielle parlée en afrique (compte au moins 1 million de locuteurs natifs)BengaliNon
75%
est une langue officielle parlée en afrique (compte au moins 1 million de locuteurs natifs)FrancaisOui
75%
ont plus de 100 millions de locuteurs NATIFSPortugaisOui
75%
ont plus de 100 millions de locuteurs NATIFSTurcNon
75%
ne sont PAS considérés comme une langue romantiqueYorubaOui
74%
ont plus de 100 millions de locuteurs NATIFSAllemandNon
73%
sont indo-européensFrancaisOui
73%
ont plus de 100 millions de locuteurs NATIFSCoréenNon
72%
ne sont PAS considérés comme une langue romantiqueAfrikaansOui
71%
ont plus de 100 millions de locuteurs NATIFSHindiOui
71%
sont indo-européensAnglaisOui
70%
ne sont PAS considérés comme une langue romantiqueBengaliOui
68%
ont plus de 100 millions de locuteurs NATIFSJaponaisOui
68%
sont indo-européensAllemandOui
67%
sont indo-européensItalienOui
67%
sont indo-européensPortugaisOui
67%
ne sont PAS considérés comme une langue romantiqueTurcOui
67%
ne sont PAS considérés comme une langue romantiqueAllemandOui
66%
sont indo-européensEspagnolOui
66%
sont indo-européensPolonaisOui
63%
ne sont PAS considérés comme une langue romantiqueRusseOui
60%
sont indo-européensTurcNon
60%
est une langue officielle parlée en afrique (compte au moins 1 million de locuteurs natifs)PortugaisOui
59%
sont indo-européensHindiOui
58%
ne sont PAS considérés comme une langue romantiqueHindiOui
58%
ne sont PAS considérés comme une langue romantiquePolonaisOui
58%
sont indo-européensRusseOui
57%
est une langue officielle parlée en afrique (compte au moins 1 million de locuteurs natifs)YorubaOui
57%
ne sont PAS considérés comme une langue romantiqueMandarinOui
56%
ne sont PAS considérés comme une langue romantiqueCoréenOui
53%
ont plus de 1 milliard de haut-parleurs TOTALEspagnolNon
52%
ont plus de 100 millions de locuteurs NATIFSBengaliOui
46%
est une langue officielle parlée en afrique (compte au moins 1 million de locuteurs natifs)EspagnolOui
42%
ne sont PAS considérés comme une langue romantiqueJaponaisOui
41%
ont plus de 1 milliard de haut-parleurs TOTALHindiNon
38%
ne sont PAS considérés comme une langue romantiqueAnglaisOui
27%
sont indo-européensAfrikaansOui
26%
sont indo-européensBengaliOui
26%
ont plus de 100 millions de locuteurs NATIFSFrancaisNon
23%

Distribution des résultats

Percentile par nombre de réponses

% des personnes avec chaque résultat

Votre développement - résultats

Vous n’avez pas pris ce quiz